000 00531nmm a2200169Ia 4500
008 251105s9999||||xx |||||||||||||||||und||
020 _a9788497427524
041 _aspa
100 _aMartínez López, Fernando (ed.)
245 0 _aNicolás Salmerón y el republicanismo parlamentario
264 _a[Madrid, España] :
_bBiblioteca Nueva,
_c2007
300 _a304 páginas
490 _aHistoria Biblioteca Nueva
650 _aHistory of Europe: Spain
856 _uhttps://public.digitaliapublishing.com/a/5355
942 _cCF
999 _c90363
_d90363